000 00831nam a22002297a 4500
999 _c9755
_d9755
003 AR-CdUCM
008 190328b ||||| |||| 00| 0 spa d
040 _aMUNICIPALIDAD PROVINCIAL DEL CUSCO
_cBIBLIOTECA MUNICIPAL DEL CUSCO
041 _heng
082 _a940.3 /
_bH71 / 1914
100 _aHolland Rose, J.
_926183
245 _aLos orígenes dela guerra :
_bconferencias pronunciadas a fines de 1914 /
260 _aBarcelona :
_bRamón Sopena,
_c1914.
300 _a255 páginas ;
_c18 cm.
505 _aContenido: Rivalidad anglo-alemana -- El Kaiser -- Política mundial de Alemania -- Marruecos -- Alsacia-Lorena -- La cuestión de Oriente ...
650 _aAlemania
_91327
650 _aHistoria
_9136
650 _aGuerra
_91007
700 _aMateos, J. (traducción)
_926184
942 _2ddc
_cLIBROS
945 _aachl